Internal combustion engines (Record no. 24482)

000 -LEADER
fixed length control field 00576nam a22002051 4500
001 - CONTROL NUMBER
control field 24482
003 - CONTROL NUMBER IDENTIFIER
control field BD-DhUET
008 - FIXED-LENGTH DATA ELEMENTS--GENERAL INFORMATION
fixed length control field 681231s1968 paua b 001 0 eng
040 ## - CATALOGING SOURCE
Original cataloging agency DLC
Transcribing agency DLC
Modifying agency BD-DhUET
082 00 - DEWEY DECIMAL CLASSIFICATION NUMBER
Classification number 621.43
Item number OBE/1968
100 ## - MAIN ENTRY--PERSONAL NAME
Personal name Obert, Edward F.
245 10 - TITLE STATEMENT
Title Internal combustion engines
250 ## - EDITION STATEMENT
Edition statement 3rd ed.
260 ## - PUBLICATION, DISTRIBUTION, ETC. (IMPRINT)
Place of publication, distribution, etc. Scranton
Name of publisher, distributor, etc. International Textbook
Date of publication, distribution, etc. 1968
300 ## - PHYSICAL DESCRIPTION
Extent xiii, 736p.
Other physical details illus
490 0# - SERIES STATEMENT
Series statement International textbooks in mechanical engineering
504 ## - BIBLIOGRAPHY, ETC. NOTE
Bibliography, etc Includes bibliographies
650 #0 - SUBJECT ADDED ENTRY--TOPICAL TERM
Topical term or geographic name as entry element Internal combustion engines
942 ## - ADDED ENTRY ELEMENTS (KOHA)
Koha item type General Book
Holdings
Piece designation (barcode) Sublocation or collection (holding branch) Koha item type Location (home branch) Koha date last borrowed Withdrawn status Damaged status Date acquired Copy number Koha normalized classification for sorting Koha full call number Lost status Shelving location Koha date last seen Koha issues (times borrowed) Not for loan Price effective from Source of classification or shelving scheme
19063Central Library, BUETGeneral BookCentral Library, BUET2019-09-28  2015-05-091621_430000000000000_OBE_1968621.43/OBE/1968 Circulation section2019-11-182 2015-05-09 
32007Central Library, BUETGeneral BookCentral Library, BUET   2015-06-162621_430000000000000_OBE_1968621.43/OBE/1968 Reading section2015-06-16  2015-06-16 
40437Central Library, BUETReading ItemCentral Library, BUET   2015-06-163621_430000000000000_OBE_1968621.43/OBE/1968 Reading section2015-06-16  2015-06-16 
19060Central Library, BUETReading ItemCentral Library, BUET   2015-06-234621_430000000000000_OBE_1968621.43/OBE/1968 Reading section2015-06-23  2015-06-23 
32117Central Library, BUETReading ItemCentral Library, BUET   2015-07-035621_430000000000000_OBE_1968621.43/OBE/1968 Reading section2015-07-03  2015-07-03